000 00500nam a2200193 a 4500
001 1765435095194
003 YourLibrary
005 20251213131026.0
008 251211s2004##################000#0#eng##
020 _a9780486437461
082 0 4 _a895.6332DE
100 1 _aBenneville, James S. De,
_eauthor.
245 1 0 _aTales of the Samurai :
260 _bCourier Corporation,
_c2004.
300 _a532 pages
650 0 _aFiction.
942 _cENGLISH
040 _aYourLibrary
_beng
_cYourLibrary
999 _c602401
_d602401